Normal view
MARC view
Entry Personal Name
001 - CONTROL NUMBER
- control field: 18446
003 - CONTROL NUMBER IDENTIFIER
- control field: BD-RjUL
005 - DATE AND TIME OF LATEST TRANSACTION
- control field: 20260512125051.0
008 - FIXED-LENGTH DATA ELEMENTS
- fixed length control field: 260512|| aca||aabn | a|a d
040 ## - CATALOGING SOURCE
- Original cataloging agency: BD-RjUL
- Transcribing agency: BD-RjUL
100 ## - HEADING--PERSONAL NAME
- Personal name: یوسف، محمد ;
670 ## - SOURCE DATA FOUND
- Source citation: Work cat.: (BD-RjUL)86464: یوسف، محمد ;; , ڈیٹر میں اونٹوں اور مویشیوں کا نظریہ =Theory of determinants and matrics /